Modelové zobrazenie tímového vodcovstva

Tímové vodcovstvo a jeho modely. Úloha vodcovstva v tímoch a skúmanie tímovej organizácie. Interné a externé vodcovské opatrenia. Charakteristika a kritériá efektívnosti tímu. Hlavné úlohy lídrov.

Salvato in:
Dettagli Bibliografici
Autore principale: Ljudvigová, Ivana
Altri autori: Hudáková, Ivana, 1976-
Natura: Capitolo di libro
Lingua:slovacco
Soggetti:
Tags: Aggiungi Tag
Nessun Tag, puoi essere il primo ad aggiungerne!!

MARC

LEADER 00000naa$a2200000$$$4500
001 0143705
005 20240502072557.7
041 0 |a slo 
044 |a SK 
245 1 0 |a Modelové zobrazenie tímového vodcovstva  |c Ivana Hudáková, Ivana Ljudvigová 
520 |a Tímové vodcovstvo a jeho modely. Úloha vodcovstva v tímoch a skúmanie tímovej organizácie. Interné a externé vodcovské opatrenia. Charakteristika a kritériá efektívnosti tímu. Hlavné úlohy lídrov. 
610 2 0 |a manažment 
610 2 0 |a manažéri 
610 2 0 |a lídri 
610 2 0 |a metódy riadenia 
610 2 0 |a benchmarking 
610 2 0 |a tímy pracovné 
610 2 0 |a kolektív pracovný 
610 2 0 |a skupiny pracovné 
610 2 0 |a vodcovstvo 
610 2 0 |a modely 
100 1 |a Ljudvigová, Ivana 
700 1 |a Hudáková, Ivana, 1976-